Statistics for Films of Luc Besson

Click here to take the quiz!

General Stats

  • This quiz has been taken 18 times
  • The average score is 7 of 19

Answer Stats

YearDescriptionInvolvementAnswer% Correct
1994A 12-year-old girl, is reluctantly taken in by a professional assassin, after her family is murdered. An unusual relationship forms as she becomes his protégée and learns the assassin's trade.Director, Writer, ProducerLeon: The Professional
89%
1997In the colorful future, a cab driver unwittingly becomes the central figure in the search for a legendary cosmic weapon to save the Earth from destruction.Director, WriterThe Fifth Element
83%
1990A convicted cop-killer is sentenced to death, but is given a new identity and trained as a top secret assassin for the French GovernmentDirector, Writer, ProducerLa Femme Nikita
67%
2014A woman, accidentally caught in a dark deal, turns the tables on her captors and transforms into a merciless warrior evolved beyond human logic.Director, Writer, ProducerLucy
67%
2017A dark force threatens Alpha, a vast metropolis and home to species from a thousand planets. Two Special operatives must race to save the city from a newly introduced species that holds a dark secret.Director, Writer, ProducerValerian and the City of a Thousand Planets
61%
1999A young girl receives a vision that drives her to rid France of its oppressors.Director, Writer, ProducerThe Messenger: The Story of Joan of Arc
56%
1988The rivalry between Enzo and Jacques, two childhood friends and now world-renowned free divers, becomes a beautiful and perilous journey into oneself and the unknown.Director, WriterThe Big Blue
44%
2005Andre is a small time crim who owns money to a ruthless gangster. Unable to pay he decides to kill himself, only to encounter a beautiful woman who helps him get his life together.Director, Writer, ProducerAngel-A
39%
2008A retired CIA agent travels to Europe to rescue his estranged daughter, who has been kidnapped while on a trip to Paris.Writer, ProducerTaken
39%
2019Beneath one woman's striking beauty lies a secret that will unleash her indelible strength and skill to become one of the world's most feared government assassins.Director, Writer, ProducerAnna
33%
1985After burgling a shady tycoon's home, Fred is chased by the police and takes refuge in the hip and surreal universe of the Paris MetroDirector, Writer, ProducerSubway
33%
2002Frank Martin, who delivers packages for unknown clients, is asked to move a package that soon begins moving, and complications arise.Writer, ProducerThe Transporter
28%
2011The story of Aung San Suu Kyi as she becomes the core of Burma's democracy movement, and her relationship with her husband, writer Michael Aris.Director, Writer, ProducerThe Lady
22%
2013The Manzoni family, a notorious mafia clan, is relocated to Normandy, France under the Witness Protection Program, where fitting in soon becomes challenging, as their old habits die hard.Director, Writer, ProducerThe Family
17%
2004In the ghettos of Paris in 2010, an undercover cop and an ex-thug try to infiltrate a gang in order to defuse a neutron bomb.Writer, ProducerDistrict 13
6%
2001A Chinese police officer comes to France to help local police catch a Chinese drug lord, only to be framed for murder by a crooked French vice detective.Writer, ProducerKiss of the Dragon
6%
2010An adventure set in the early part of the 20th century and focused on a popular novelist and her dealings with would-be suitors, the cops, monsters, and other distractions.Director, Writer, ProducerThe Extraordinary Adventures of Adele Blanc-Sec
6%
2005A man enslaved by the mob since childhood and raised to be a killer, escapes his captors and attempts to start a new life.Writer, ProducerUnleashed
6%
2005A con-man learns a universal formula that guarantees victory to its user, when applied to any game or confidence trick.Writer, ProducerRevolver
0%

Score Distribution

Percentile by Number Answered

Percent of People with Each Score

Your Score History

You have not taken this quiz